[Event "MVP-ch Seniors op 19th"]
[Site "Ostseebad Binz"]
[Date "2019.12.03"]
[Round "7"]
[White "Schroeder, Christian"]
[Black "Liebscher, Helmar"]
[Result "0-1"]
[WhiteElo "1932"]
[BlackElo "2106"]
[PlyCount "96"]
[EventDate "2019.11.27"]
[EventType "swiss"]
[EventRounds "9"]
[EventCountry "GER"]
[SourceTitle "EXT 2021"]
[Source "ChessBase"]
[SourceDate "2020.10.23"]
[SourceVersion "1"]
[SourceVersionDate "2020.10.23"]
[SourceQuality "1"]

1. d4 Nf6 2. c4 e6 3. Nd2 d5 4. g3 b6 5. cxd5 exd5 6. Bg2 Bb7 7. Ngf3 Bd6 8. 0-0 0-0 9. Ne1 Re8 10. Nd3 Nbd7 11. Nb3 c5 12. dxc5 bxc5 13. Nf4 Nb6 14. e3 a5 15. Nd2 a4 16. Nf3 Ne4 17. Ne2 Qf6 18. Nd2 Ng5 19. h4 Ne6 20. Nc3 Be5 21. Nf3 Bc7 22. Nb5 Bb8 23. Re1 Ba6 24. Nc3 Bb7 25. Bd2 Bc6 26. Ne2 d4 27. Nh2 Bxg2 28. Kxg2 d3 29. Nc3 Qd8 30. b3 Be5 31. Rb1 Bxc3 32. Bxc3 axb3 33. Qxb3 Nd5 34. Bd2 Rb8 35. Qc4 Nb6 36. Qg4 c4 37. Bc3 Rc8 38. Nf3 Nd5 39. Rbc1 Nxc3 40. Rxc3 Qd5 41. Rec1 h5 42. Qh3 d2 43. Rd1 Qa5 44. Rc2 c3 45. Nd4 Nxd4 46. exd4 Qd5+ 47. Kf1 Qe4 48. Rdxd2 cxd2 0-1

[Event "MVP-ch Seniors op 19th"]
[Site "Ostseebad Binz"]
[Date "2019.11.29"]
[Round "3"]
[White "Schreiber, Kurt"]
[Black "Schroeder, Christian"]
[Result "0-1"]
[WhiteElo "2119"]
[BlackElo "1932"]
[PlyCount "74"]
[EventDate "2019.11.27"]
[EventType "swiss"]
[EventRounds "9"]
[EventCountry "GER"]
[SourceTitle "EXT 2021"]
[Source "ChessBase"]
[SourceDate "2020.10.23"]
[SourceVersion "1"]
[SourceVersionDate "2020.10.23"]
[SourceQuality "1"]

1. d4 d5 2. c4 c6 3. Nf3 Nf6 4. Nc3 dxc4 5. a4 Bf5 6. e3 e6 7. Bxc4 Bb4 8. 0-0 Nbd7 9. Qe2 0-0 10. e4 Bg6 11. Bd3 Qa5 12. e5 Nd5 13. Ne4 Be7 14. Bd2 Qb6 15. a5 Qc7 16. Rfc1 Rac8 17. a6 b6 18. Bb5 Nb8 19. Ra4 Qd7 20. Bd3 Nc7 21. Bg5 f6 22. Bd2 c5 23. Raa1 cxd4 24. Rc4 Nc6 25. Ng3 Bxd3 26. Qxd3 Nxe5 27. Nxe5 fxe5 28. Qe4 Bd6 29. Qb7 Qb5 30. Rac1 Qxb2 31. R4c2 Qb5 32. Ne4 Bc5 33. Nxc5 bxc5 34. Rxc5 Qe2 35. Be1 d3 36. Rxc7 Rxc7 37. Qxc7 d2 0-1

[Event "MVP-ch Seniors op 19th"]
[Site "Ostseebad Binz"]
[Date "2019.11.27"]
[Round "1"]
[White "Krause, Werner"]
[Black "Schroeder, Christian"]
[Result "0-1"]
[WhiteElo "1606"]
[BlackElo "1932"]
[PlyCount "104"]
[EventDate "2019.11.27"]
[EventType "swiss"]
[EventRounds "9"]
[EventCountry "GER"]
[SourceTitle "EXT 2021"]
[Source "ChessBase"]
[SourceDate "2020.10.23"]
[SourceVersion "1"]
[SourceVersionDate "2020.10.23"]
[SourceQuality "1"]

1. e4 c5 2. c3 Nf6 3. e5 Nd5 4. Nf3 e6 5. d4 cxd4 6. cxd4 b6 7. Be2 Bb7 8. 0-0 Nc6 9. Bd2 Be7 10. Nc3 Nxc3 11. Bxc3 0-0 12. Rc1 Nb4 13. a3 Na2 14. Ra1 Nxc3 15. bxc3 Rc8 16. Qd3 f5 17. Nd2 Qc7 18. Rfc1 Qb8 19. f4 Qa8 20. Bf3 g5 21. Bxb7 Qxb7 22. Qg3 g4 23. c4 Kf7 24. Rc2 h5 25. Rac1 h4 26. Qe3 Rg8 27. Nf1 Rc7 28. Qd3 Rgc8 29. Ne3 Rg8 30. d5 Bc5 31. Kf1 Bxe3 32. Qxe3 Rgc8 33. Qf2 Rh8 34. Qd2 Rhc8 35. Qd3 Kg6 36. Rc3 exd5 37. cxd5 Rxc3 38. Rxc3 Rxc3 39. Qxc3 Qxd5 40. Qe3 Qd1+ 41. Kf2 Qc2+ 42. Kf1 Qc4+ 43. Kf2 Qc5 44. Ke2 Qd5 45. Kf2 Kf7 46. Kf1 Ke6 47. Qe1 Qd3+ 48. Qe2 Qxe2+ 49. Kxe2 Kd5 50. g3 hxg3 51. hxg3 Ke4 52. Kd2 b5 0-1

[Event "GER-ch Seniors 65 31st"]
[Site "Radebeul"]
[Date "2019.05.02"]
[Round "7"]
[White "Schroeder, Christian"]
[Black "Peter, Volkhard"]
[Result "1-0"]
[WhiteElo "1957"]
[BlackElo "1723"]
[PlyCount "85"]
[EventDate "2019.04.26"]
[EventType "swiss"]
[EventRounds "9"]
[EventCountry "GER"]
[SourceTitle "CBM 190 Extra"]
[Source "ChessBase"]
[SourceDate "2019.07.15"]
[SourceVersion "1"]
[SourceVersionDate "2019.07.15"]
[SourceQuality "1"]

1. d4 d5 2. c4 e5 3. dxe5 d4 4. Nf3 Nc6 5. g3 Nge7 6. Bg2 Ng6 7. Bg5 Bb4+ 8. Nbd2 Qd7 9. a3 Bxd2+ 10. Qxd2 Ngxe5 11. Nxe5 Nxe5 12. Qb4 f6 13. Bf4 a5 14. Qc5 b6 15. Qb5 Qxb5 16. cxb5 Ra7 17. Rd1 g5 18. Bc1 d3 19. exd3 Bg4 20. Rd2 Bf3 21. 0-0 0-0 22. d4 Bxg2 23. Kxg2 Nc4 24. Rc2 Nd6 25. a4 Re8 26. f4 g4 27. f5 Re4 28. Rf4 h5 29. Rxe4 Nxe4 30. Bf4 Nd6 31. Bxd6 cxd6 32. Rc6 Re7 33. Kf2 Rb7 34. Rxd6 Kg7 35. Ke3 Re7+ 36. Re6 Rb7 37. d5 Kf7 38. Kd4 Kg7 39. d6 Kf7 40. Kd5 Rb8 41. Kc6 h4 42. Kc7 hxg3 43. hxg3 1-0

[Event "GER-ch Seniors 65 31st"]
[Site "Radebeul"]
[Date "2019.05.01"]
[Round "6"]
[White "Andrijenko, Anatoliy"]
[Black "Schroeder, Christian"]
[Result "1-0"]
[WhiteElo "1828"]
[BlackElo "1957"]
[PlyCount "87"]
[EventDate "2019.04.26"]
[EventType "swiss"]
[EventRounds "9"]
[EventCountry "GER"]
[SourceTitle "CBM 190 Extra"]
[Source "ChessBase"]
[SourceDate "2019.07.15"]
[SourceVersion "1"]
[SourceVersionDate "2019.07.15"]
[SourceQuality "1"]

1. e4 c5 2. d4 cxd4 3. c3 dxc3 4. Nxc3 d6 5. Nf3 Nf6 6. Bf4 e6 7. Bg5 h6 8. Be3 Be7 9. Qd2 e5 10. Bc4 Nbd7 11. h3 a6 12. g4 b5 13. Bb3 Nb6 14. g5 hxg5 15. Bxb6 Qxb6 16. Nxg5 Rf8 17. Nd5 Nxd5 18. Bxd5 Bb7 19. Rg1 Rc8 20. Nh7 Rg8 21. Ng5 Bxg5 22. Rxg5 Bxd5 23. Qxd5 Qc6 24. Rd1 Qxd5 25. Rxd5 Ke7 26. Kd2 Rc4 27. Ke3 g6 28. f4 exf4+ 29. Kxf4 Rh8 30. Rd3 Rh4+ 31. Rg4 Rh5 32. Ra3 Rcc5 33. Kf3 Rc6 34. h4 Rc2 35. Rb3 Rh2 36. Kg3 Rc2 37. e5 d5 38. Ra3 Rc6 39. Kf3 Rf5+ 40. Ke3 Rxe5+ 41. Kf4 Kf6 42. Kg3 g5 43. Rxg5 Rxg5+ 44. hxg5+ 1-0

[Event "MVP-ch Seniors op 18th"]
[Site "Ostseebad Binz"]
[Date "2018.12.04"]
[Round "7"]
[White "Schroeder, Christian"]
[Black "Schmidt, Gerhard2222"]
[Result "1-0"]
[WhiteElo "1969"]
[BlackElo "1733"]
[PlyCount "116"]
[EventDate "2018.11.28"]
[EventType "swiss"]
[EventRounds "9"]
[EventCountry "GER"]
[SourceTitle "CBM 188 Extra"]
[Source "ChessBase"]
[SourceDate "2019.02.26"]
[SourceVersion "1"]
[SourceVersionDate "2019.02.26"]
[SourceQuality "1"]

1. d4 d5 2. Bg5 c5 3. e3 Nd7 4. Nf3 Ngf6 5. Nbd2 h6 6. Bh4 e6 7. c3 Be7 8. Bd3 0-0 9. Qe2 b6 10. 0-0 Bb7 11. Rad1 Re8 12. Ne5 Nxe5 13. dxe5 Nh7 14. Bg3 f5 15. f4 Rf8 16. Bf2 Qe8 17. Nf3 g5 18. c4 Rd8 19. Qc2 Qh5 20. Bg3 g4 21. Ne1 Qg6 22. cxd5 Bxd5 23. Qa4 h5 24. Qxa7 h4 25. Qxe7 hxg3 26. hxg3 Rde8 27. Qc7 Rb8 28. a3 Rb7 29. Qd6 Rc8 30. Ba6 Qf7 31. Bxb7 Qxb7 32. Rxd5 Qxd5 33. Qxd5 exd5 34. Nc2 Kf7 35. Kf2 Rd8 36. Rd1 Nf8 37. b4 Ke6 38. Rh1 Ke7 39. Rh6 Rb8 40. Rf6 Ne6 41. Rxf5 d4 42. Ke2 Rd8 43. exd4 cxd4 44. Kd3 Rc8 45. Rh5 Rc3+ 46. Kd2 Rxg3 47. Rh7+ Ke8 48. f5 Rxg2+ 49. Kd1 Rg1+ 50. Kd2 Rg2+ 51. Kc1 d3 52. Ne3 Rg1+ 53. Kd2 Nf4 54. Rh4 Ra1 55. Rxg4 Ra2+ 56. Kd1 Ra1+ 57. Kd2 Ra2+ 58. Kc3 Rf2 1-0

[Event "MVP-ch Seniors op 18th"]
[Site "Ostseebad Binz"]
[Date "2018.12.01"]
[Round "4"]
[White "Schulz, Michael"]
[Black "Schroeder, Christian"]
[Result "1-0"]
[WhiteElo "2234"]
[BlackElo "1969"]
[PlyCount "79"]
[EventDate "2018.11.28"]
[EventType "swiss"]
[EventRounds "9"]
[EventCountry "GER"]
[SourceTitle "CBM 188 Extra"]
[Source "ChessBase"]
[SourceDate "2019.02.26"]
[SourceVersion "1"]
[SourceVersionDate "2019.02.26"]
[SourceQuality "1"]

1. d4 d5 2. Bg5 Nf6 3. Bxf6 gxf6 4. e3 Bf5 5. Ne2 Nd7 6. Ng3 Bg6 7. h4 h6 8. h5 Bh7 9. Bd3 Bxd3 10. Qxd3 e6 11. Nc3 f5 12. Nge2 b6 13. 0-0-0 c5 14. Nf4 c4 15. Qe2 Nf6 16. g4 Nxg4 17. f3 Nf6 18. e4 Bd6 19. e5 Bc7 20. Ng6 fxg6 21. exf6 Kd7 22. hxg6 Qxf6 23. Rhg1 Rhg8 24. b3 cxb3 25. axb3 Rxg6 26. Qa6 Rag8 27. Rxg6 Rxg6 28. Qxa7 Qh8 29. Qa4+ Ke7 30. Re1 Qd8 31. Qc6 Kf7 32. Kb1 Bg3 33. Re3 Qc7 34. Qa4 f4 35. Nxd5 Qd8 36. Qa7+ Kf8 37. Rc3 Rg7 38. Rc7 Rxc7 39. Nxc7 Qe7 40. Qxb6 1-0

[Event "MVP-ch Seniors op 17th"]
[Site "Binz"]
[Date "2017.12.02"]
[Round "4.32"]
[White "Schroeder, Christian"]
[Black "Wagner, Ingolf"]
[Result "1-0"]
[WhiteElo "1961"]
[BlackElo "1875"]
[PlyCount "79"]
[EventDate "2017.11.29"]
[EventType "swiss"]
[EventRounds "9"]
[EventCountry "GER"]
[SourceTitle "EXT 2019"]
[Source "ChessBase"]
[SourceDate "2018.10.10"]
[SourceVersion "1"]
[SourceVersionDate "2018.10.10"]
[SourceQuality "1"]

1. c4 e5 2. g3 Nc6 3. Bg2 d6 4. Nc3 Nge7 5. d3 g6 6. e3 Bg7 7. Nge2 Nf5 8. 0-0 0-0 9. Rb1 a5 10. b3 Nce7 11. d4 c6 12. Ba3 Qc7 13. d5 c5 14. Bc1 Nh6 15. Ne4 f5 16. Ng5 Nf7 17. e4 Nxg5 18. Bxg5 h6 19. Bd2 fxe4 20. Bxe4 Bf5 21. Qc2 Qd7 22. f4 Kh7 23. Bc3 Bxe4 24. Qxe4 Qf5 25. Qxf5 Rxf5 26. g4 Rff8 27. fxe5 Bxe5 28. Bxe5 dxe5 29. Nc3 Rf4 30. Rxf4 exf4 31. Re1 Ng8 32. Re6 Kg7 33. Rb6 Re8 34. Rxb7+ Kf6 35. d6 Kg5 36. d7 Rd8 37. Ne4+ Kxg4 38. Rc7 Kf3 39. Nxc5 Nf6 40. Rc8 1-0

[Event "MVP-ch Seniors op 16th"]
[Site "Binz"]
[Date "2016.11.27"]
[Round "5.41"]
[White "Schroeder, Christian"]
[Black "Wenske, Hardy"]
[Result "1-0"]
[WhiteElo "1955"]
[BlackElo "1819"]
[PlyCount "78"]
[EventDate "2016.11.23"]
[EventType "swiss"]
[EventRounds "9"]
[EventCountry "GER"]
[SourceTitle "EXT 2018"]
[Source "ChessBase"]
[SourceDate "2017.10.13"]
[SourceVersion "1"]
[SourceVersionDate "2017.10.13"]
[SourceQuality "1"]

1. c4 e6 2. g3 d5 3. Bg2 c6 4. Nc3 Bd6 5. d4 Nf6 6. e4 dxe4 7. Nxe4 Nxe4 8. Bxe4 Bb4+ 9. Kf1 Nd7 10. Kg2 Nf6 11. Bf3 0-0 12. h4 Re8 13. Bf4 Bd6 14. Nh3 e5 15. dxe5 Bxh3+ 16. Kxh3 Bxe5 17. Bxe5 Rxe5 18. Qxd8+ Rxd8 19. Rhd1 Ree8 20. b4 Nd7 21. Bg2 Ne5 22. Bf1 b6 23. c5 Kf8 24. f4 Nd7 25. Rd6 Nb8 26. Rad1 Rxd6 27. Rxd6 Ke7 28. Rd3 Rd8 29. Re3+ Kf8 30. Bg2 g6 31. a4 bxc5 32. bxc5 Na6 33. Rc3 Nb8 34. Rb3 Ke8 35. Rb7 a6 36. Rc7 a5 37. Bxc6+ Nxc6 38. Rxc6 Rd4 39. Ra6 Rxa4 1-0

[Event "MVP-ch Seniors op 15th"]
[Site "Binz"]
[Date "2015.11.24"]
[Round "1.64"]
[White "Maczollek, Helmut"]
[Black "Schroeder, Christian"]
[Result "0-1"]
[WhiteElo "1384"]
[BlackElo "1813"]
[PlyCount "72"]
[EventDate "2015.11.24"]
[EventType "swiss"]
[EventRounds "9"]
[EventCountry "GER"]
[SourceTitle "EXT 2017"]
[Source "ChessBase"]
[SourceDate "2016.10.25"]
[SourceVersion "1"]
[SourceVersionDate "2016.10.25"]
[SourceQuality "1"]

1. d4 d5 2. Nf3 Nf6 3. e3 Bg4 4. Bd3 e6 5. Nbd2 c5 6. c3 Nc6 7. 0-0 Qc7 8. Re1 Be7 9. dxc5 Bxc5 10. e4 0-0 11. h3 Bh5 12. Nf1 Bxf3 13. Qxf3 Ne5 14. Qe2 Nxd3 15. Qxd3 Nxe4 16. Be3 a6 17. Bxc5 Qxc5 18. Qe3 Rfc8 19. Qxc5 Rxc5 20. f3 Nd6 21. Rac1 Nc4 22. Rc2 Rac8 23. Ne3 b5 24. Nxc4 Rxc4 25. Rd1 b4 26. Rd3 d4 27. Rcd2 bxc3 28. bxc3 Rxc3 29. Rxd4 g6 30. Ra4 R3c6 31. Rb4 Rc2 32. Rb2 Rxd2 33. Rxd2 Kg7 34. Kh2 g5 35. Kg3 h5 36. Rd6 h4+ 0-1

[Event "Rostock SSC op 14th"]
[Site "Rostock"]
[Date "2015.08.01"]
[Round "6.10"]
[White "Dettmann, Gerd"]
[Black "Schroeder, Christian"]
[Result "1-0"]
[WhiteElo "2156"]
[BlackElo "1995"]
[PlyCount "93"]
[EventDate "2015.07.29"]
[EventType "swiss"]
[EventRounds "7"]
[EventCountry "GER"]
[SourceTitle "EXT 2019"]
[Source "ChessBase"]
[SourceDate "2018.10.10"]
[SourceVersion "1"]
[SourceVersionDate "2018.10.10"]
[SourceQuality "1"]

1. e4 c5 2. Nf3 d6 3. d4 cxd4 4. Nxd4 Nf6 5. Nc3 a6 6. Bg5 e6 7. Qd2 Be7 8. f4 Qc7 9. 0-0-0 0-0 10. g4 b5 11. Bxf6 Bxf6 12. g5 Be7 13. Bg2 Bb7 14. f5 b4 15. Nce2 e5 16. f6 exd4 17. fxe7 Qxe7 18. Nxd4 Bxe4 19. Rhe1 d5 20. Nf5 Qc5 21. Bxe4 dxe4 22. Nd6 e3 23. Qxe3 Qxe3+ 24. Rxe3 Nc6 25. Re4 a5 26. Rf4 Ne5 27. Rd5 Ng6 28. Rfd4 Ne7 29. Rc5 Ra7 30. Nb5 Rb7 31. Rd6 f5 32. gxf6 Rxf6 33. Rd8+ Rf8 34. Rxf8+ Kxf8 35. Nd6 Rb6 36. Nf5 a4 37. Ra5 Nxf5 38. Rxf5+ Rf6 39. Rxf6+ gxf6 40. Kd2 Ke7 41. c4 Kd6 42. b3 axb3 43. axb3 Ke5 44. Ke3 f5 45. h4 h5 46. Kf3 Kd4 47. Kf4 1-0

[Event "Rostock SSC op 14th"]
[Site "Rostock"]
[Date "2015.07.30"]
[Round "3.12"]
[White "Schroeder, Christian"]
[Black "Stumpf, Daniel"]
[Result "0-1"]
[WhiteElo "1995"]
[BlackElo "1672"]
[PlyCount "76"]
[EventDate "2015.07.29"]
[EventType "swiss"]
[EventRounds "7"]
[EventCountry "GER"]
[SourceTitle "EXT 2019"]
[Source "ChessBase"]
[SourceDate "2018.10.10"]
[SourceVersion "1"]
[SourceVersionDate "2018.10.10"]
[SourceQuality "1"]

1. c4 c5 2. Nf3 g6 3. Nc3 Nc6 4. g3 Bg7 5. Bg2 Nf6 6. d4 d6 7. dxc5 dxc5 8. Qxd8+ Nxd8 9. e4 0-0 10. Be3 Ne6 11. h3 Rb8 12. 0-0-0 b6 13. g4 Bb7 14. Nd2 Nd4 15. f4 Nd7 16. Rhg1 e5 17. f5 a6 18. g5 Rfc8 19. f6 Bf8 20. h4 b5 21. Bh3 Rc7 22. Bf1 Bc6 23. Rg2 Nb6 24. b3 Bd7 25. Bxd4 cxd4 26. Nd5 Nxd5 27. exd5 bxc4 28. Bxc4 Bb5 29. Ne4 Ba3+ 30. Kd2 Bxc4 31. d6 Rd7 32. Rg3 Bb4+ 33. Kc2 Bd5 34. Nd2 Rxd6 35. Nc4 Bxc4 36. bxc4 Rc6 37. Kd3 Rbc8 38. Rc1 Rb8 0-1

[Event "Mecklenburg VP VL 1415"]
[Site "Mecklenburg VP"]
[Date "2015.01.18"]
[Round "5.7"]
[White "Schroeder, Christian"]
[Black "Podolskiy, Alexander"]
[Result "0-1"]
[WhiteElo "1852"]
[BlackElo "1828"]
[PlyCount "68"]
[EventDate "2014.09.21"]
[EventType "team-tourn"]
[EventRounds "9"]
[EventCountry "GER"]
[SourceTitle "EXT 2022"]
[Source "ChessBase"]
[SourceDate "2021.10.06"]
[SourceVersion "1"]
[SourceVersionDate "2021.10.06"]
[SourceQuality "1"]
[WhiteTeam "Rostock HSG Uni"]
[BlackTeam "Wismar ASV Gruen-Weiss"]
[WhiteTeamCountry "GER"]
[BlackTeamCountry "GER"]

1. c4 e5 2. g3 Nf6 3. Bg2 Bc5 4. e3 Nc6 5. Ne2 0-0 6. Nbc3 a6 7. 0-0 d6 8. d4 Ba7 9. d5 Ne7 10. b4 Bg4 11. h3 Bf5 12. Kh2 Nd7 13. e4 Bg6 14. g4 h5 15. Ng3 hxg4 16. Qxg4 Bd4 17. Bd2 Nb6 18. Qe2 f5 19. f3 f4 20. Nh1 Nd7 21. Rac1 Bh5 22. Na4 Nf6 23. c5 Be8 24. c6 bxc6 25. dxc6 Kh8 26. b5 axb5 27. Qxb5 Qc8 28. Qb7 Rxa4 29. Bb4 Bxc6 30. Qxc8 Nxc8 31. a3 Bb5 32. Rfd1 c5 33. Be1 Rxa3 34. Nf2 Be2 0-1